Machine Learning/ (Record no. 190464)

MARC details
000 -LEADER
fixed length control field 00527nam a22001817a 4500
005 - DATE AND TIME OF LATEST TRANSACTION
control field 20220726125803.0
010 ## - LCCN (DPL NO)
LC control number ENG-133966
020 ## - INTERNATIONAL STANDARD BOOK NUMBER
Terms of availability 260.00
International Standard Book Number 9789391373818
035 ## - SYSTEM CONTROL NUMBER
System control number EN-117498
037 ## - SOURCE OF ACQUISITION
Source of stock number/acquisition DBAD/PUB
082 ## - DEWEY DECIMAL CLASSIFICATION NUMBER
Classification number 006.31
100 ## - MAIN ENTRY--PERSONAL NAME
Personal name Sivakumar,A.
245 ## - TITLE STATEMENT
Title Machine Learning/
Statement of responsibility, etc A. Sivakumar [et.al...]
260 ## - PUBLICATION, DISTRIBUTION, ETC. (IMPRINT)
Place of publication, distribution, etc Madurai
Name of publisher, distributor, etc Shanlax publications
Date of publication, distribution, etc 2021
270 ## - ADDRESS
Address 61,66 T.P.K. main road,Vasantha nagar
City Madurai
Postal code 625003
300 ## - PHYSICAL DESCRIPTION
Extent 147p.
Dimensions 24cm(pbk)
942 ## - ADDED ENTRY ELEMENTS (KOHA)
Source of classification or shelving scheme Dewey Decimal Classification
Item type English Books
Classification part 006.31
Call number suffix SIV
Holdings
Withdrawn status Lost status Not for loan Collection code Home library Current library Date acquired Source of acquisition Cost, normal purchase price Full call number Barcode Copy number Cost, replacement price Koha item type
      Non-fiction Bawana Bawana 26/07/2022 DBAD/PUB 260.00 006.31 SIV EN-117498 1 260.00 English Books

© Delhi Public Library
Hit Counter
free hit counter